Discrete Lax equations and differential-difference calculus / (Record no. 13912)
[ view plain ]
| 000 -LEADER | |
|---|---|
| fixed length control field | 00478nam a2200157 a 4500 |
| 040 ## - CATALOGING SOURCE | |
| Transcribing agency | DC |
| 082 00 - DEWEY DECIMAL CLASSIFICATION NUMBER | |
| Classification number | 515 SOC 1985 A058 Or. |
| 100 1# - MAIN ENTRY--AUTHOR NAME | |
| Personal name | Kupershmidt, Boris A., |
| 245 10 - TITLE STATEMENT | |
| Title | Discrete Lax equations and differential-difference calculus / |
| 260 ## - PUBLICATION, DISTRIBUTION, ETC. (IMPRINT) | |
| Place of publication | [Paris] : |
| Name of publisher | Soci©♭t©♭ math©♭matique de France, |
| Year of publication | 1985 |
| 300 ## - PHYSICAL DESCRIPTION | |
| Number of Pages | 212 p. ; |
| Dimensions | 24 cm |
| 500 ## - GENERAL NOTE | |
| General note | Summary in French |
| 650 #0 - SUBJECT ADDED ENTRY--TOPICAL TERM | |
| Topical Term | Differential equations, Partial |
| 650 #0 - SUBJECT ADDED ENTRY--TOPICAL TERM | |
| Topical Term | Calculus of variations |
| 942 ## - ADDED ENTRY ELEMENTS (KOHA) | |
| Koha item type | សៀវភៅភាសាអង់គ្លេស |
| 952 ## - LOCATION AND ITEM INFORMATION (KOHA) | |
| Withdrawn status [LOCAL, KOHA] | 0 |
| Permanent Location | Date acquired | Koha item type | Lost status | Shelving location | Barcode | Current Location | Full call number |
|---|---|---|---|---|---|---|---|
| Library Block A | 2017-10-03 | សៀវភៅភាសាអង់គ្លេស | A058 | A14913 | Library Block A | 515 SOC 1985 A058 Or. |